| 000 | 00341nam a22001337a 4500 | ||
|---|---|---|---|
| 020 | _a9788183600187 | ||
| 082 |
_a630.1076 _bRAW/QU |
||
| 100 |
_aRawat, Shesh Nath _91246 |
||
| 245 | _aQuestion bank on agricultural engineering | ||
| 250 | _a2 | ||
| 260 |
_aNew Delhi _bJain brothers _c2012 |
||
| 700 |
_aNikhade, Jagdish S _91247 |
||
| 942 | _cBK | ||
| 999 |
_c13974 _d13974 |
||